Diagnostika podniku a jej vplyv na určovanie cieľov bakalárska práca

Salvato in:
Dettagli Bibliografici
Autore principale: Gregor, Štefan
Ente Autore: Podnikovohospodárska fakulta EU so sídlom v Košiciach. Katedra manažmentu
Altri autori: Mesároš, Peter
Natura: Libro
Lingua:slovacco
Pubblicazione: Košice 2009
Tags: Aggiungi Tag
Nessun Tag, puoi essere il primo ad aggiungerne!!

MARC

LEADER 00000nam$a2200000$$$4500
001 0106745
005 20240318131021.1
041 0 |a slo 
044 |a SK 
245 1 0 |a Diagnostika podniku a jej vplyv na určovanie cieľov  |b bakalárska práca  |c Štefan Gregor ; škol. Peter Mesároš 
264 1 |a Košice  |c 2009 
300 |a 62 s. 
100 1 |a Gregor, Štefan 
700 1 |a Mesároš, Peter 
710 2 |a Podnikovohospodárska fakulta EU so sídlom v Košiciach. Katedra manažmentu